La lengua materna en la escuela secundaria
Saved in:
| Main Authors: | , |
|---|---|
| Format: | Book |
| Language: | Spanish |
| Published: |
Buenos Aires
EUDEBA
1962
|
| Series: | La escuela en el tiempo. Cuadernos del Secundario, 6
|
| Subjects: | |
| Tags: |
Add Tag
No Tags, Be the first to tag this record!
|
MARC
| LEADER | 00000nam a2200000 a 4500 | ||
|---|---|---|---|
| 001 | UCU0882 | ||
| 003 | CL-VaPUC | ||
| 008 | 960329e19620000AG |||||||||||||||||spa|d | ||
| 082 | 0 | 4 | |a 407 |b SAN |2 21 |
| 100 | 0 | |a Sánchez Garrido, Amelia |e author |9 356349 | |
| 700 | 0 | |a Cresta de Leguizamón, María Luisa |e author |9 356350 | |
| 245 | 1 | 3 | |a La lengua materna en la escuela secundaria |
| 300 | |a 59 p | ||
| 942 | |c BK | ||
| 945 | |d 19960329 00:00:00 |a cmena | ||
| 260 | |a Buenos Aires |b EUDEBA |c 1962 | ||
| 650 | 7 | |a ENSEÑANZA DE LA LENGUA MATERNA |2 CL-VaPUC |9 334470 | |
| 650 | 0 | |a Educación lingüística |9 306506 | |
| 650 | 7 | |a LENGUA MATERNA |2 CL-VaPUC |9 356351 | |
| 583 | |a last modification |c 19960329 00:00:00 |k Rodrigo Vera | ||
| 490 | 0 | |a La escuela en el tiempo. Cuadernos del Secundario, 6 | |
| 999 | |c 245663 |d 245661 | ||
| 952 | |0 0 |1 0 |4 0 |6 407_000000000000000_SAN_1962 |7 0 |8 P |9 260246 |a BIBEDU |b BIBEDU |c BIBEDU_PB |d 2019-11-19 |i 163559K |o 407 SAN 1962 |p 163559K |r 2024-01-25 |w 2019-11-19 |y BK |k EDU | ||